[Event "Kamen Piskov Memorial 4th"]
[Site "Ruse"]
[Date "1984.??.??"]
[Round "10"]
[White "Armas, Julius"]
[Black "Atanasov, Petko"]
[Result "0-1"]
[WhiteElo "2395"]
[BlackElo "2420"]
[PlyCount "96"]
[EventDate "1984.06.??"]
[Source "www.chesslib.no"]
[SourceDate "2004.05.04"]

1. e4 e5 2. Nf3 Nc6 3. Bc4 Bc5 4. c3 Qe7 5. O-O Nf6 6. d4 Bb6 7. Re1 d6 8. h3 h6 9. Qd3 O-O 10. Nbd2 Nh5 11. Nf1 Qf6 12. Ne3 Ne7 13. Nh2 exd4 14. Neg4 Qg6 15. cxd4 Nf6 16. Nxf6+ Qxf6 17. Nf3 Qg6 18. Nh4 Qh5 19. Nf5 Bxf5 20. exf5 Nc6 21. Be3 Qh4 22. Rad1 Rad8 23. a3 d5 24. Ba2 Ne7 25. Bb1 Nc8 26. Kh2 Nd6 27. g3 Qh5 28. Bf4 Ne4 29. Kg2 Rfe8 30. Qb3 c6 31. h4 Nf6 32. f3 Nh7 33. Kh3 f6 34. Qd3 Nf8 35. g4 Qf7 36. g5 hxg5 37. hxg5 fxg5 38. Be5 Bc7 39. Kg4 c5 40. Qd2 cxd4 41. Qxd4 Bxe5 42. Rxe5 Nd7 43. Rxe8+ Rxe8 44. Ba2 Nf6+ 45. Kg3 Qc7+ 46. Kh3 Re7 47. Bxd5+ Kh8 48. Rh1 Nxd5 0-1

[Event "WchT U26"]
[Site "Mexico"]
[Date "1980.??.??"]
[Round "?"]
[White "Mestel, A Jonathan"]
[Black "Henao, Raul Fernando"]
[Result "1-0"]
[WhiteElo "2485"]
[BlackElo "2325"]
[PlyCount "77"]
[EventDate "1980.08.??"]
[Source "ChessBase"]

1. e4 e5 2. Nf3 Nc6 3. Bc4 Bc5 4. c3 Qe7 5. d4 Bb6 6. Bg5 Nf6 7. d5 Nd8 8. d6 Qxd6 9. Qxd6 cxd6 10. Bxf6 gxf6 11. Nh4 d5 12. Bxd5 d6 13. Na3 Nc6 14. Rd1 Ke7 15. Nc4 Rd8 16. Rd3 Be6 17. Ke2 Na5 18. Nxa5 Bxa5 19. b4 Bxd5 20. Rxd5 Bc7 21. Nf5+ Ke6 22. Rhd1 Rd7 23. c4 Rg8 24. g3 Rdd8 25. a4 a6 26. a5 Rd7 27. b5 Rgd8 28. b6 Bb8 29. Kd3 Rc8 30. Kc3 Rc6 31. Kb3 Rc8 32. h3 Rcd8 33. R5d3 Rc8 34. Rf3 Rg8 35. Ne3 h5 36. Rf5 Rh8 37. Nd5 Rh6 38. Rd3 Rd8 39. Rdf3 1-0

[Event "Royan Open"]
[Site "Royan"]
[Date "1989.??.??"]
[Round "5"]
[White "Lane, Gary W"]
[Black "Novoselski, Zoran"]
[Result "0-1"]
[WhiteElo "2405"]
[BlackElo "2400"]
[PlyCount "68"]
[EventDate "1989.06.??"]
[Source "www.chesslib.no"]
[SourceDate "2004.05.04"]

1. e4 e5 2. Nf3 Nc6 3. Bc4 Bc5 4. c3 Qe7 5. O-O d6 6. Re1 h6 7. d3 g5 8. d4 Bb6 9. Bb5 Bd7 10. h3 Qf6 11. Be3 Nge7 12. Na3 Rg8 13. d5 Nb8 14. Nh2 Ng6 15. Bxd7+ Nxd7 16. Nb5 Ke7 17. Bxb6 Nxb6 18. Ng4 Qh8 19. Nxc7 Rad8 20. Ne3 h5 21. Qb3 Nh4 22. Qd1 g4 23. Nb5 gxh3 24. g3 Qf6 25. Qxh5 Nf3+ 26. Kh1 Nxe1 27. Nf5+ Ke8 28. Rxe1 a6 29. Na3 Na4 30. Re2 Nc5 31. f3 Kd7 32. Nc4 b5 33. Qh7 Rh8 34. Nb6+ Ke8 0-1

[Event "Metalis Open"]
[Site "Bizovac CRO"]
[Date "2000.02.25"]
[Round "3"]
[White "Sermek, D."]
[Black "Mrkonjic, N."]
[Result "1-0"]
[WhiteElo "2517"]
[BlackElo "2285"]
[PlyCount "63"]
[EventDate "2000.02.24"]
[Source "www.chesslib.no"]
[SourceDate "2004.05.04"]

1. e4 e5 2. Nf3 Nc6 3. Bc4 Bc5 4. c3 Qe7 5. d4 exd4 6. O-O d3 7. e5 d6 8. Bg5 f6 9. exf6 gxf6 10. Re1 Ne5 11. Nxe5 dxe5 12. Qh5+ Kd7 13. Bh4 c6 14. Nd2 Qg7 15. Qf3 Be7 16. Qxd3+ Kc7 17. f4 Qg4 18. Bg3 Bc5+ 19. Kh1 exf4 20. Re4 Bd6 21. Bxf4 Bxf4 22. Qf1 Bd7 23. Rxf4 Qg7 24. Rd4 Qg5 25. Ne4 Qf5 26. Qd3 Be8 27. Qg3+ Qe5 28. Qg7+ Qe7 29. Qxh8 Bg6 30. Bxg8 Bxe4 31. Rxe4 Qxe4 32. Qxh7+ 1-0

[Event "Stary Smokovec"]
[Site "Stary Smokovec"]
[Date "1979.??.??"]
[Round "?"]
[White "Gonsior, Evzen"]
[Black "Moehring, Guenther"]
[Result "1-0"]
[WhiteElo "2390"]
[BlackElo "2400"]
[PlyCount "119"]
[EventDate "1979.10.??"]
[Source "ChessBase"]

1. e4 e5 2. Nf3 Nc6 3. Bc4 Bc5 4. c3 Qe7 5. b4 Bb6 6. a4 a6 7. d3 Nf6 8. Ba3 d6 9. Nbd2 O-O 10. O-O Kh8 11. Ba2 Ba7 12. b5 Nb8 13. Nc4 axb5 14. axb5 Bg4 15. d4 Bxf3 16. Qxf3 Nbd7 17. Rfe1 Bb6 18. Bb3 Rfe8 19. h3 Kg8 20. Rad1 Ra7 21. Bb4 g6 22. g4 Kg7 23. Nxb6 Nxb6 24. dxe5 Qxe5 25. c4 Nbd7 26. b6 cxb6 27. Bxd6 Qa5 28. c5 Ne5 29. Qg3 Nfd7 30. cxb6 Qxb6 31. g5 Ra5 32. Qc3 Kg8 33. Kg2 Raa8 34. Re2 Rac8 35. Qg3 Nc6 36. Rb2 Qa5 37. Bd5 b6 38. Qb3 Nce5 39. Bb4 Qb5 40. f4 Nc4 41. Rc1 Nde5 42. Rbc2 Nd2 43. Bxd2 Qe2+ 44. Kg3 h5 45. fxe5 Rxc2 46. Rxc2 h4+ 47. Kf4 Qh2+ 48. Ke3 Qg1+ 49. Kd3 Qf1+ 50. Kd4 Qg1+ 51. Be3 Qd1+ 52. Qd3 Qa1+ 53. Qc3 Qd1+ 54. Rd2 Qa4+ 55. Qc4 Qa1+ 56. Qc3 Qa4+ 57. Kd3 Qa6+ 58. Qc4 Qa3+ 59. Ke2 Qe7 60. Qc6 1-0

[Event "ESP-chTB"]
[Site "Oropesa del Mar ESP"]
[Date "1996.??.??"]
[Round "3"]
[White "Blazquez Gomez, Juan C"]
[Black "Arencibia, Walter"]
[Result "0-1"]
[WhiteElo "2270"]
[BlackElo "2515"]
[PlyCount "73"]
[EventDate "1996.??.??"]
[Source "www.chesslib.no"]
[SourceDate "2004.05.04"]

1. e4 e5 2. Nf3 Nc6 3. Bc4 Bc5 4. c3 Qe7 5. O-O Nf6 6. b4 Bb6 7. d3 d6 8. a4 a6 9. h3 O-O 10. Bb3 Be6 11. Nbd2 Bxb3 12. Qxb3 h6 13. Nc4 Qe6 14. Qc2 Ba7 15. Ne3 d5 16. Rb1 dxe4 17. dxe4 Rfd8 18. b5 axb5 19. axb5 Na5 20. Nf5 Nc4 21. Bxh6 gxh6 22. Nxh6+ Kg7 23. Nf5+ Kf8 24. Ng5 Qe8 25. Qe2 Nd6 26. Qf3 Bc5 27. Ne3 Qe7 28. h4 Ra4 29. Nf5 Nxf5 30. Qxf5 Kg7 31. h5 Rh8 32. Ra1 Rxa1 33. Rxa1 Rxh5 34. g4 Rh6 35. Rd1 Rg6 36. Kf1 Nxg4 37. Rd7 0-1

[Event "Ankara"]
[Site "Ankara"]
[Date "1997.??.??"]
[Round "4"]
[White "Karpatchev, Aleksandr"]
[Black "Yilmaz, Turham"]
[Result "1-0"]
[WhiteElo "2390"]
[BlackElo "2390"]
[PlyCount "29"]
[EventDate "1997.??.??"]
[Source "www.chesslib.no"]
[SourceDate "2004.05.04"]

1. e4 e5 2. Nf3 Nc6 3. Bc4 Bc5 4. c3 Qe7 5. d4 Bb6 6. Nxe5 Nxe5 7. dxe5 Bxf2+ 8. Kxf2 Qxe5 9. Qd4 Qf6+ 10. Ke1 b5 11. Rf1 Qxd4 12. Bxf7+ Ke7 13. cxd4 Nf6 14. Bb3 Nxe4 15. Bd5 1-0

[Event "CZE Team Ch"]
[Site "Czech Republic"]
[Date "1994.??.??"]
[Round "?"]
[White "Dobrovolsky, Ladislav"]
[Black "Gross, David"]
[Result "1-0"]
[WhiteElo "2400"]
[BlackElo "2375"]
[PlyCount "99"]
[EventDate "1994.??.??"]
[Source "www.chesslib.no"]
[SourceDate "2004.05.04"]

1. e4 e5 2. Nf3 Nc6 3. Bc4 Bc5 4. c3 Qe7 5. O-O d6 6. d4 Bb6 7. h3 Nf6 8. Re1 h6 9. a4 a6 10. Be3 g5 11. dxe5 dxe5 12. Bxb6 cxb6 13. Na3 g4 14. Nh4 gxh3 15. g3 Rg8 16. Qf3 Bg4 17. Qe3 Nh5 18. Kh2 Nf4 19. Bf1 Rd8 20. Nc4 Qf6 21. Nxb6 Ne7 22. Nc4 Ng2 23. Nxg2 hxg2 24. Bxg2 h5 25. Nb6 h4 26. Nd5 Qh8 27. Kg1 hxg3 28. fxg3 Nxd5 29. exd5 f6 30. Rf1 Rd7 31. Qb6 Rg6 32. Rae1 Qh6 33. Rf2 Rh7 34. Qd6 Qh2+ 35. Kf1 Qxg3 36. Qb8+ Kf7 37. Qxb7+ Kg8 38. Qb8+ Kg7 39. Qa7+ Kg8 40. Qa8+ Kg7 41. Qa7+ Kh8 42. Qe3 Qh2 43. Qe4 Rhg7 44. Re3 Bh5 45. Rh3 Qxh3 46. Qxg6 Rxg6 47. Bxh3 Rg3 48. Bf5 Bf7 49. d6 e4 50. Rh2+ 1-0

[Event "POL Ch 34th"]
[Site "Piotrkow Trybunalski"]
[Date "1977.02.22"]
[Round "9.5"]
[White "Maciejewski, Andrzej"]
[Black "Sydor, Andrzej"]
[Result "0-1"]
[WhiteElo "2345"]
[BlackElo "2425"]
[PlyCount "63"]
[EventDate "1977.02.??"]
[Source "www.chesslib.no"]
[SourceDate "2004.05.04"]

1. e4 e5 2. Nf3 Nc6 3. Bc4 Bc5 4. c3 Qe7 5. O-O d6 6. b4 Bb6 7. a4 a6 8. a5 Ba7 9. b5 Nb8 10. Na3 Nf6 11. Qb3 Nbd7 12. d4 O-O 13. Re1 axb5 14. Nxb5 Bb8 15. Nh4 g6 16. Bh6 Ng4 17. Bxf8 Qxh4 18. h3 Nxf2 19. Re3 Nxe4 20. Rxe4 Qxe4 21. Be7 exd4 22. Bxf7+ Kg7 23. Bg5 Nc5 24. Qa2 Qf5 25. Bg8 Ne6 26. Bxe6 Bxe6 27. Qd2 Qxb5 28. Bh6+ Kg8 29. c4 Qd7 30. Rf1 Ba7 31. Qf4 Qe7 32. Kh2 0-1

[Event "JUG Team Ch"]
[Site "Zlatibor"]
[Date "1989.??.??"]
[Round "?"]
[White "Dzevlan, Miralem"]
[Black "Vukovic, Ivo"]
[Result "1-0"]
[WhiteElo "2450"]
[BlackElo "2320"]
[PlyCount "119"]
[EventDate "1989.??.??"]
[Source "www.chesslib.no"]
[SourceDate "2004.05.04"]

1. e4 e5 2. Nf3 Nc6 3. Bc4 Bc5 4. c3 Qe7 5. O-O Nf6 6. d4 Bb6 7. Re1 d6 8. a4 a6 9. Na3 Bg4 10. d5 Nb8 11. Bd3 Nbd7 12. Nc4 Ba7 13. Na5 Nc5 14. Bc2 Bb6 15. Nc4 Ncd7 16. a5 Ba7 17. Ne3 Bxe3 18. Bxe3 O-O 19. h3 Bxf3 20. Qxf3 h6 21. c4 Rfe8 22. b4 c5 23. dxc6 bxc6 24. Ba4 Nf8 25. Bb6 Ne6 26. Qd3 c5 27. Red1 Nd4 28. Rab1 Nh5 29. g3 Qe6 30. Kh2 Qf6 31. Rb2 Qe6 32. b5 Nf6 33. bxa6 Rxa6 34. Bb5 Raa8 35. a6 Nd7 36. Bxd7 Qxd7 37. a7 Qc6 38. Ra1 f5 39. Re1 Rf8 40. Kg2 Rf7 41. f3 fxe4 42. Qxe4 Qxe4 43. fxe4 Rb7 44. Ra1 Nc6 45. Rd1 Na5 46. Rbb1 Nc6 47. Rxd6 Nxa7 48. Ra1 Kh7 49. Bxc5 Rb2+ 50. Kg1 Rc8 51. Bxa7 Rxc4 52. Bf2 Rxe4 53. Re1 Rxe1+ 54. Bxe1 h5 55. Re6 Re2 56. Kf1 Re4 57. Kf2 h4 58. g4 Rf4+ 59. Kg2 Re4 60. Bxh4 1-0

[Event "FRA-ch qual"]
[Site "Bescanon"]
[Date "1999.08.26"]
[Round "9"]
[White "Bergez, Luc"]
[Black "Chomet, Pascal"]
[Result "1/2-1/2"]
[WhiteElo "2373"]
[BlackElo "2389"]
[PlyCount "105"]
[EventDate "1999.08.18"]
[Source "www.chesslib.no"]
[SourceDate "2004.05.04"]

1. e4 e5 2. Nf3 Nc6 3. Bc4 Bc5 4. c3 Qe7 5. d4 Bb6 6. Bg5 Nf6 7. d5 Nd8 8. d6 cxd6 9. Qe2 Ne6 10. Bxf6 Qxf6 11. g3 Nc7 12. a4 a5 13. Nbd2 O-O 14. O-O-O d5 15. exd5 d6 16. h3 Bd7 17. Bb3 Na6 18. Bc2 Nc5 19. g4 Qf4 20. b3 f5 21. Kb2 Rac8 22. Nh4 Nxa4+ 23. bxa4 Rxc3 24. Nb1 Qb4+ 25. Ka1 Rxc2 26. Qxc2 Bxa4 27. Qc3 Bxd1 28. Qxb4 axb4 29. Rxd1 fxg4 30. hxg4 Rxf2 31. Rd2 Rf4 32. Nf5 Bc5 33. Rg2 h5 34. Nd2 hxg4 35. Ng3 b6 36. Kb2 Kf7 37. Ne2 Rf2 38. Rxf2+ Bxf2 39. Ne4 Bc5 40. Kb3 b5 41. N2g3 g6 42. Nf1 g5 43. Nfg3 Kg6 44. Kc2 Be3 45. Nxd6 Bf4 46. Nde4 Bxg3 47. Nxg3 Kf6 48. Kb3 Ke7 49. Ne4 Kd7 50. Kxb4 g3 51. Nxg3 Kd6 52. Ne4+ Kxd5 53. Nxg5 1/2-1/2

[Event "URS Spartakiad"]
[Site "URS"]
[Date "1979.??.??"]
[Round "?"]
[White "Govbinder, Mikhail Y"]
[Black "Smyslov, Vassily"]
[Result "0-1"]
[WhiteElo "2200"]
[BlackElo "2560"]
[PlyCount "83"]
[EventDate "1979.??.??"]
[Source "ChessBase"]

1. e4 e5 2. Nf3 Nc6 3. Bc4 Bc5 4. c3 Qe7 5. O-O Nf6 6. b4 Bb6 7. d3 d6 8. a4 a6 9. a5 Ba7 10. Be3 Ng4 11. Bxa7 Nxa7 12. Na3 O-O 13. Nc2 Kh8 14. Ne3 Nxe3 15. fxe3 Be6 16. Bxe6 Qxe6 17. Qe1 f6 18. Qb1 c6 19. Qa2 d5 20. Nd2 Nb5 21. exd5 cxd5 22. Rac1 Qd6 23. Rfd1 Rad8 24. Qb3 f5 25. c4 Nc7 26. b5 f4 27. exf4 dxc4 28. dxc4 exf4 29. Kh1 Qc5 30. Qf3 Qe3 31. Qxe3 fxe3 32. b6 Rxd2 33. bxc7 e2 34. Re1 Rc8 35. Kg1 Rxc7 36. Kf2 Rf7+ 37. Ke3 Ra2 38. c5 Re7+ 39. Kf2 h6 40. c6 bxc6 41. Rxc6 Rf7+ 42. Ke3 0-1

[Event "Hoogovens-B"]
[Site "Wijk aan Zee"]
[Date "1971.??.??"]
[Round "?"]
[White "Witkowski, Stefan"]
[Black "Zuidema, Coenraad"]
[Result "0-1"]
[WhiteElo "2340"]
[BlackElo "2420"]
[PlyCount "80"]
[EventDate "1971.01.??"]
[Source "ChessBase"]

1. e4 e5 2. Nf3 Nc6 3. Bc4 Bc5 4. c3 Qe7 5. d4 Bb6 6. d5 Nd8 7. Bg5 f6 8. Be3 Nf7 9. Qe2 d6 10. Nbd2 f5 11. Bb5+ Bd7 12. Bxd7+ Qxd7 13. exf5 Ne7 14. c4 Qxf5 15. O-O O-O 16. Bxb6 axb6 17. a4 Ng6 18. Qe4 Qh5 19. Ra3 Nh6 20. g3 Rf5 21. Kg2 Raf8 22. h3 Rf4 23. Qe2 Nf5 24. Ng1 Qh6 25. Kh2 Nd4 26. Qe3 Nc2 27. Qe2 Nxa3 28. gxf4 Qxf4+ 29. Kh1 Nc2 30. Ne4 Ne3 31. fxe3 Qxf1 32. Qg4 Qf5 33. Kg2 Nf4+ 34. Kf3 Nd3+ 35. Qxf5 Rxf5+ 36. Kg4 Rf1 37. Nf3 Nxb2 38. Nfg5 Nxc4 39. Ne6 Nxe3+ 40. Kg3 Nxd5 0-1

[Event "Pan American 1st"]
[Site "Winnipeg CAN"]
[Date "1974.??.??"]
[Round "?"]
[White "Garcia, Gildardo"]
[Black "Biyiasas, Peter"]
[Result "0-1"]
[WhiteElo "2335"]
[BlackElo "2420"]
[PlyCount "64"]
[EventDate "1974.08.??"]
[Source "www.chesslib.no"]
[SourceDate "2004.05.04"]

1. e4 e5 2. Nf3 Nc6 3. Bc4 Bc5 4. c3 Qe7 5. O-O d6 6. d4 Bb6 7. a4 a6 8. b4 Nf6 9. a5 Ba7 10. b5 axb5 11. Bxb5 O-O 12. Re1 Bd7 13. Qd3 exd4 14. e5 Nxe5 15. Nxe5 dxe5 16. Ba3 Bc5 17. cxd4 Bxa3 18. Rxe5 Qd6 19. Rxa3 c6 20. Bc4 Ng4 21. Rh5 g6 22. Rh4 Bf5 23. Qc3 Qe7 24. g3 g5 25. Rh5 Bg6 26. Rh3 Bxb1 27. f3 Nf6 28. Qc1 Bg6 29. Re3 Qd6 30. Kg2 Rxa5 31. Qc2 Ra4 32. Bb3 Rxd4 0-1

[Event "Bucharest schev"]
[Site "Bucharest ROM"]
[Date "1993.??.??"]
[Round "?"]
[White "Vlad, Decebal"]
[Black "Hristodorescu, Daniel"]
[Result "1-0"]
[WhiteElo "2405"]
[BlackElo "2335"]
[PlyCount "41"]
[EventDate "1993.??.??"]
[Source "www.chesslib.no"]
[SourceDate "2004.05.04"]

1. e4 e5 2. Nf3 Nc6 3. Bc4 Bc5 4. c3 Qe7 5. O-O d6 6. b4 Bb6 7. a4 a6 8. d3 Nf6 9. Nbd2 O-O 10. Bb3 Kh8 11. Nc4 Ba7 12. b5 Nd8 13. Ba3 Nd7 14. d4 f6 15. Ne3 Qe8 16. Re1 Ne6 17. Nd5 axb5 18. axb5 Nb6 19. Bxd6 Nxd5 20. exd5 cxd6 21. dxe5 1-0

[Event "CSR-ch"]
[Site "Ostrava"]
[Date "1976.??.??"]
[Round "14"]
[White "Lanc, Alois"]
[Black "Lechtynsky, Jiri"]
[Result "1/2-1/2"]
[WhiteElo "2360"]
[BlackElo "2380"]
[PlyCount "102"]
[EventDate "1976.??.??"]
[Source "ChessBase"]

1. e4 e5 2. Nf3 Nc6 3. Bc4 Bc5 4. c3 Qe7 5. b4 Bb6 6. a4 a6 7. O-O d6 8. a5 Ba7 9. b5 axb5 10. Bxb5 Bd7 11. a6 Nb8 12. d4 Nxa6 13. Bxd7+ Qxd7 14. dxe5 dxe5 15. Qxd7+ Kxd7 16. Nxe5+ Ke6 17. Nd3 f6 18. Na3 Ne7 19. Nb5 Rhd8 20. Nf4+ Kf7 21. Nxa7 Rxa7 22. Be3 Raa8 23. Rfb1 Rd7 24. h4 c6 25. c4 Re8 26. c5 Nc8 27. Ra4 Re5 28. Rc4 Na7 29. Ne2 Nb5 30. Rb3 f5 31. exf5 Rxf5 32. Nc3 Nac7 33. Nxb5 Nxb5 34. Kh2 Rfd5 35. Rbb4 h6 36. g4 Rd3 37. Kg2 Nc3 38. Rf4+ Ke8 39. Rfd4 R3xd4 40. Rxd4 Nd5 41. Re4+ Kf7 42. Bd4 Rd8 43. h5 Ra8 44. Be5 g6 45. hxg6+ Kxg6 46. Bd6 h5 47. gxh5+ Kxh5 48. Re6 Kg5 49. Kg3 Kf5 50. Re5+ Kf6 51. Re2 b6 1/2-1/2

[Event "Oberliga Nord N 9192"]
[Site "GER"]
[Date "1992.??.??"]
[Round "?"]
[White "Fette, Martin"]
[Black "Weyrich, Morten"]
[Result "1-0"]
[WhiteElo "2380"]
[BlackElo "2355"]
[PlyCount "135"]
[EventDate "1991.10.??"]
[Source "www.chesslib.no"]
[SourceDate "2004.05.04"]

1. e4 e5 2. Nf3 Nc6 3. Bc4 Bc5 4. c3 Qe7 5. d4 Bb6 6. O-O d6 7. a4 a6 8. h3 Nf6 9. Re1 h6 10. b4 Nh7 11. a5 Ba7 12. b5 axb5 13. Bxb5 O-O 14. Bxc6 bxc6 15. Ba3 Ng5 16. Nxe5 Nxh3+ 17. gxh3 Qg5+ 18. Ng4 h5 19. f4 Qxf4 20. Nh2 Bxh3 21. Qf3 Qh4 22. Nd2 f5 23. e5 f4 24. Qf2 Qg5+ 25. Kh1 f3 26. Ndxf3 Qf4 27. exd6 cxd6 28. Qe3 Qf6 29. Qe7 c5 30. Qxf6 gxf6 31. Re7 Rf7 32. Rae1 Kf8 33. Rxf7+ Kxf7 34. dxc5 dxc5 35. Re3 Be6 36. Nf1 Rb8 37. N1d2 Rb5 38. Ne4 Rxa5 39. c4 Bb8 40. Neg5+ fxg5 41. Nxg5+ Kf6 42. Nxe6 Rxa3 43. Rxa3 Kxe6 44. Rd3 h4 45. Rd5 Bd6 46. Kg2 Kd7 47. Kh3 Kc6 48. Kxh4 Bc7 49. Kg5 Bg3 50. Kf6 Bf4 51. Ke6 Be3 52. Rd6+ Kc7 53. Kd5 Bd4 54. Rc6+ Kb7 55. Kd6 Be3 56. Kd7 Bd4 57. Rh6 Bc3 58. Kd6 Bb4 59. Kd5 Kc7 60. Rh7+ Kb6 61. Kd6 Bd2 62. Kd7 Be3 63. Kc8 Bd4 64. Rb7+ Kc6 65. Kb8 Be5+ 66. Ka7 Bc3 67. Rb6+ Kc7 68. Ka6 1-0

[Event "France (coupe)"]
[Site "?"]
[Date "2004.??.??"]
[Round "4.3"]
[White "Degraeve Jean-Marc"]
[Black "Sermier Alain"]
[Result "1-0"]
[WhiteElo "2556"]
[BlackElo "2178"]
[PlyCount "61"]
[EventDate "2004.??.??"]
[Source "www.chesslib.no"]
[SourceDate "2004.05.04"]

1. e4 e5 2. Nf3 Nc6 3. Bc4 Bc5 4. c3 Qe7 5. O-O Nf6 6. d3 d6 7. Nbd2 a6 8. Bb3 O-O 9. Re1 h6 10. Nf1 Kh7 11. d4 Ba7 12. h3 g6 13. Ng3 Bd7 14. Be3 Na5 15. Bc2 Nc4 16. Bc1 Rae8 17. b3 Nb6 18. Qd2 Ng8 19. Ba3 f6 20. Rad1 Bc8 21. Nh2 Qg7 22. f4 Ne7 23. Kh1 Nc6 24. Rf1 Nd7 25. Bb2 Re7 26. Ng4 Ref7 27. f5 h5 28. Ne3 Nb6 29. Qe2 g5 30. Nxh5 Qh6 31. Ng4 1-0

[Event "Wch U18"]
[Site "Duisburg"]
[Date "1992.??.??"]
[Round "11"]
[White "Langier, Daniel"]
[Black "Kotsur, Pavel"]
[Result "1-0"]
[WhiteElo "2305"]
[BlackElo "2425"]
[PlyCount "37"]
[EventDate "1992.??.??"]
[Source "www.chesslib.no"]
[SourceDate "2004.05.04"]

1. e4 e5 2. Nf3 Nc6 3. Bc4 Bc5 4. c3 Qe7 5. d4 Bb6 6. Bg5 Nf6 7. d5 Nb8 8. d6 cxd6 9. Na3 Bxf2+ 10. Ke2 Bb6 11. Nh4 d5 12. Nf5 Qc5 13. Be3 Qc7 14. Nxg7+ Kf8 15. Bh6 Kg8 16. Qd2 Qd8 17. Nf5 Nxe4 18. Qxd5 Qf6 19. Qxf7+ 1-0

[Event "Asztalos Memorial"]
[Site "Baja"]
[Date "1971.??.??"]
[Round "11"]
[White "Paoli, Enrico"]
[Black "Kovacs, Laszlo M"]
[Result "0-1"]
[WhiteElo "2340"]
[BlackElo "2390"]
[PlyCount "150"]
[EventDate "1971.05.??"]
[Source "www.chesslib.no"]
[SourceDate "2004.05.04"]

1. e4 e5 2. Nf3 Nc6 3. Bc4 Bc5 4. c3 Qe7 5. O-O d6 6. d4 Bb6 7. h3 Nf6 8. Re1 h6 9. a4 a6 10. Bd5 O-O 11. Na3 Ba7 12. Bxc6 bxc6 13. dxe5 dxe5 14. Nc4 Nd7 15. Qe2 Rb8 16. b4 Qe6 17. Nh4 c5 18. Be3 Bb7 19. Nd2 Ra8 20. Nf5 Kh7 21. f3 g6 22. Ng3 f5 23. Ngf1 Rf7 24. Rad1 f4 25. Bf2 cxb4 26. cxb4 Bxf2+ 27. Qxf2 a5 28. b5 Nb6 29. Ra1 Rd8 30. Qc5 Rfd7 31. Qc3 Qd6 32. Kh2 Qd4 33. Qxd4 Rxd4 34. Nb3 Rxa4 35. Rxa4 Nxa4 36. Nxa5 Ba8 37. Ra1 Nc3 38. Nc4 Nxb5 39. Nxe5 Bb7 40. Rb1 Ba6 41. Nc6 Rd6 42. Nb8 Nc3 43. Rc1 Bxf1 44. Rxf1 Nd1 45. e5 Rd2 46. e6 Kg7 47. Nd7 g5 48. Kh1 Ne3 49. Re1 Rd1 50. Rxd1 Nxd1 51. Kg1 Ne3 52. Kf2 Nf5 53. Ke2 Nd4+ 54. Kd3 Nxe6 55. Ke4 Nf8 56. Ne5 Ng6 57. Nd3 Nh4 58. Nc5 Kg6 59. Ne6 Nxg2 60. Nxc7 Kh5 61. Ne6 Kh4 62. Nd8 Kxh3 63. Nf7 h5 64. Nxg5+ Kg3 65. Kd3 Kf2 66. Ke4 h4 67. Kf5 Kg3 68. Ne4+ Kxf3 69. Ng5+ Kf2 70. Kg4 Ke3 71. Nf3 h3 72. Nh2 Kf2 73. Kxh3 Ne3 74. Kh4 Kg2 75. Kg5 Kg3 0-1

[Event "Dieren op"]
[Site "Dieren"]
[Date "1990.??.??"]
[Round "9"]
[White "Klip, Hans"]
[Black "Langeweg, Kick"]
[Result "1/2-1/2"]
[WhiteElo "2305"]
[BlackElo "2420"]
[PlyCount "32"]
[EventDate "1990.07.??"]
[Source "ChessBase"]

1. e4 e5 2. Nf3 Nc6 3. Bc4 Bc5 4. c3 Qe7 5. d3 Nf6 6. O-O O-O 7. Bb3 d6 8. Re1 a6 9. h3 Ba7 10. Nbd2 Be6 11. Nf1 Qd7 12. Ng3 Kh8 13. Bc2 d5 14. Ng5 h6 15. Nf3 Rad8 16. Qe2 Rfe8 1/2-1/2

[Event "Abu Dhabi (14eme open)"]
[Site "?"]
[Date "2005.08.21"]
[Round "7"]
[White "Pourkashiyan Atousa"]
[Black "Djuric Stefan"]
[Result "1-0"]
[WhiteElo "2261"]
[BlackElo "2463"]
[PlyCount "71"]
[EventDate "2005.??.??"]
[Source "www.chesslib.no"]
[SourceDate "2004.05.04"]

1. e4 e5 2. Nf3 Nc6 3. Bc4 Bc5 4. c3 Qe7 5. O-O d6 6. d4 Bb6 7. h3 Nf6 8. Re1 h6 9. Qd3 g5 10. dxe5 dxe5 11. Be3 g4 12. hxg4 Bxe3 13. Qxe3 Nxg4 14. Qe2 Bd7 15. Nbd2 O-O-O 16. b4 h5 17. Nb3 Nb8 18. Nc5 Bc6 19. Rad1 Rd6 20. Rxd6 cxd6 21. Nb3 Nf6 22. Qd3 Rg8 23. Na5 Bd7 24. Bb3 Be6 25. Rd1 Bxb3 26. axb3 Ne8 27. Nc4 Qf6 28. Kf1 Qg6 29. Nxd6+ Nxd6 30. Qxd6 Qxg2+ 31. Ke2 Qg4 32. Qd5 Nc6 33. Rg1 Rd8 34. Rxg4 Rxd5 35. exd5 hxg4 36. dxc6 1-0

[Event "Budapest FS02 IM-B"]
[Site "Budapest HUN"]
[Date "1994.??.??"]
[Round "2"]
[White "Kahn, Evarth"]
[Black "Zupe, Miran"]
[Result "1/2-1/2"]
[WhiteElo "2325"]
[BlackElo "2395"]
[PlyCount "120"]
[EventDate "1994.02.??"]
[Source "www.chesslib.no"]
[SourceDate "2004.05.04"]

1. e4 e5 2. Nf3 Nc6 3. Bc4 Bc5 4. c3 Qe7 5. O-O d6 6. d4 Bb6 7. Bb5 Bd7 8. Na3 Nb8 9. Bd3 Bg4 10. Nc4 Nd7 11. a4 a6 12. Ne3 Bxf3 13. Qxf3 Qf6 14. Qg3 Ne7 15. a5 Ba7 16. Nd5 Nxd5 17. exd5 h6 18. Re1 O-O-O 19. dxe5 Nxe5 20. Bf1 Qg6 21. Qxg6 fxg6 22. Be3 Bxe3 23. Rxe3 g5 24. b4 Rde8 25. c4 Nd7 26. Rc3 Re5 27. c5 Rxd5 28. Bc4 Rd4 29. c6 bxc6 30. Bxa6+ Kb8 31. Rb1 Ne5 32. Bf1 Ka7 33. b5 Rb8 34. Ra1 c5 35. Rca3 Rb4 36. g3 c4 37. f4 gxf4 38. gxf4 Nd3 39. b6+ cxb6 40. axb6+ Kxb6 41. Bxd3 cxd3 42. Rxd3 Rd8 43. Rad1 Kc5 44. Rd5+ Kc6 45. Rf5 d5 46. Rf7 g6 47. f5 gxf5 48. Rxf5 Rd6 49. Kf2 Rb2+ 50. Kg3 d4 51. h4 d3 52. Kf3 Rb4 53. h5 d2 54. Ke3 Rh4 55. Rf3 Rh2 56. Rf5 Kd7 57. Rf7+ Ke6 58. Rf2 Rh3+ 59. Ke2 Rhd3 60. Rg2 Ke5 1/2-1/2

[Event "Hania Open"]
[Site "Hania"]
[Date "1995.??.??"]
[Round "6"]
[White "Tzermiadianos, Andreas"]
[Black "Sirigos, Nikolaos"]
[Result "1-0"]
[WhiteElo "2440"]
[BlackElo "2275"]
[PlyCount "125"]
[EventDate "1995.??.??"]
[Source "www.chesslib.no"]
[SourceDate "2004.05.04"]

1. e4 e5 2. Nf3 Nc6 3. Bc4 Bc5 4. c3 Qe7 5. d4 Bb6 6. d5 Nd8 7. O-O Nf6 8. Nbd2 O-O 9. Bd3 d6 10. Nc4 c6 11. Nxb6 axb6 12. Bg5 h6 13. Bh4 Bd7 14. a4 cxd5 15. Bxf6 gxf6 16. exd5 f5 17. Qe2 Qf6 18. Bb5 Bxb5 19. axb5 Rc8 20. Nd2 Rc5 21. Nc4 Kh7 22. Nxb6 Rg8 23. f4 Qg6 24. Rf3 exf4 25. Rf2 Rc7 26. Re1 f6 27. Qf3 Nf7 28. Qxf4 Ne5 29. Rd1 Rcg7 30. Rdd2 Ng4 31. Rf1 Qe8 32. Nc4 Qxb5 33. h3 Qc5+ 34. Qd4 Ne5 35. Qxc5 dxc5 36. Nxe5 fxe5 37. Rxf5 Rg5 38. Rxg5 hxg5 39. d6 Kg6 40. Rd5 Kf6 41. d7 Rd8 42. c4 Ke6 43. Kf2 b5 44. b3 bxc4 45. bxc4 Rxd7 46. Rxd7 Kxd7 47. Ke3 Ke6 48. Ke4 Kf6 49. g3 Ke6 50. g4 Kf6 51. Kd5 e4 52. Kxe4 Ke6 53. Ke3 Ke5 54. Kf3 Kd4 55. h4 gxh4 56. g5 Kxc4 57. g6 Kd3 58. g7 c4 59. g8=Q c3 60. Qg5 Kc2 61. Qxh4 Kc1 62. Ke2 c2 63. Qe1+ 1-0

[Event "JUG Ch"]
[Site "Banja Vrucica YUG"]
[Date "1991.??.??"]
[Round "?"]
[White "Lazic, Miroljub"]
[Black "Sekulic, Dusan"]
[Result "1/2-1/2"]
[WhiteElo "2400"]
[BlackElo "2310"]
[PlyCount "104"]
[EventDate "1991.12.??"]
[Source "www.chesslib.no"]
[SourceDate "2004.05.04"]

1. e4 e5 2. Nf3 Nc6 3. Bc4 Bc5 4. c3 Qe7 5. O-O Nf6 6. d3 a6 7. Bb3 d6 8. Qe2 O-O 9. Be3 Bxe3 10. Qxe3 h6 11. Nbd2 Be6 12. Bxe6 fxe6 13. d4 Rf7 14. dxe5 dxe5 15. Ne1 Rd8 16. f3 Qf8 17. Nb3 a5 18. a4 b6 19. Nd3 Rfd7 20. Rfd1 Ne7 21. Rd2 Ng6 22. Rad1 Qe8 23. Nbc1 Rd6 24. b3 Qd7 25. Kf1 Qc6 26. Ne2 Nd7 27. g3 Rf8 28. Ke1 Rd8 29. h4 Rf8 30. Nb2 Rxd2 31. Rxd2 Nc5 32. Nc1 Ne7 33. Nbd3 Nxb3 34. Nxb3 Qxc3 35. Nbc1 Nc6 36. Ne2 Qa1+ 37. Rd1 Qxa4 38. Ndc1 Nb4 39. Qc3 Nc2+ 40. Kf2 Nd4 41. Nxd4 Qxd1 42. Nxe6 Rf7 43. Nxc7 a4 44. Nd5 b5 45. Ne2 Qh1 46. Nb4 Kh7 47. Nc6 Qh2+ 48. Ke3 Rc7 49. Qxe5 Rxc6 50. Qf5+ Kh8 51. Qf8+ Kh7 52. Qf5+ Kh8 1/2-1/2